| 000 | 01454nam a2200325 a 4500 | ||
|---|---|---|---|
| 001 | ebr5001911 | ||
| 003 | CaPaEBR | ||
| 006 | m u | ||
| 007 | cr cn||||||||| | ||
| 008 | 010209s2001 mau sb 000 0aeng | ||
| 010 | _z 2001000958 | ||
| 020 | _z0807062480 (alk. paper) | ||
| 040 |
_aCaPaEBR _cCaPaEBR |
||
| 035 | _a(OCoLC)70763636 | ||
| 050 | 1 | 4 |
_aPS3563.A386 _bZ477 2001eb |
| 082 | 0 | 4 |
_a818/.5409 _aB _221 |
| 100 | 1 |
_aMairs, Nancy, _d1943- |
|
| 245 | 1 | 2 |
_aA troubled guest _h[electronic resource] : _blife and death stories / _cNancy Mairs. |
| 260 |
_aBoston : _bBeacon Press, _cc2001. |
||
| 300 | _a195 p. | ||
| 504 | _aIncludes bibliographical references (p. 193-195). | ||
| 505 | 0 | _aA necessary end -- Death with father -- I enter orphanhood -- Aftermath -- Regrets, revision, release -- Lost children -- The death of the other -- Reflections on an anniversary -- Nicey Nancy and the bad buffaloes -- Ron her son, coda. | |
| 533 |
_aElectronic reproduction. _bPalo Alto, Calif. : _cebrary, _d2013. _nAvailable via World Wide Web. _nAccess may be limited to ebrary affiliated libraries. |
||
| 600 | 1 | 0 |
_aMairs, Nancy, _d1943- |
| 650 | 0 |
_aAuthors, American _y20th century _vBiography. |
|
| 650 | 0 |
_aDeath _xPsychological aspects. |
|
| 655 | 7 |
_aElectronic books. _2local |
|
| 710 | 2 | _aebrary, Inc. | |
| 856 | 4 | 0 |
_uhttp://site.ebrary.com/lib/rucke/Doc?id=5001911 _zAn electronic book accessible through the World Wide Web; click to view |
| 999 |
_c1651 _d1651 |
||